| 000 | 02297nam a2200325 a 4500 | ||
|---|---|---|---|
| 001 | 77793 | ||
| 003 | BD-RjUL | ||
| 005 | 20211209083027.0 | ||
| 008 | 210114s 2004bg a|||| m||| 00| 0 ben d | ||
| 035 | _a(BD-RjUL)78019 | ||
| 040 |
_aBD-RjUL _bben /eng _cBD-RjUL _dBD-RjUL |
||
| 041 | _aben | ||
| 082 |
_a954.035 _bSAP 2004 _223 |
||
| 100 |
_aসরকার, মো. শাহাদত হোসেন _9243583 |
||
| 245 | 1 | 0 |
_aপ্রবাসী পএিকায় মুুসলমান সমাজ : _b১৯০১ -১৯৪৭ / _c মো. শাহাদত হোসেন সরকার ; _6গবেষণা তত্ত্বাবধায়ক : মুহম্মদ নুরুল কাইয়ুম ; সহ গবেষণা তত্ত্বাবধায়ক : মুহম্মদ ওয়াজেদ আলী |
| 260 |
_aরাজশাহী : _bইতিহাস বিভাগ, রাজশাহী বিশ্ববিদ্যালয়, _c২০০৪ |
||
| 300 |
_a[২], ৩১০ পাতা : _bচিএ ; _c২৯ সেমি. |
||
| 502 | _aথিসিস (পিএইচ,ডি.) -- ইতিহাস বিভাগ, রাজশাহী বিশ্ববিদ্যালয়, ২০০৪ | ||
| 504 | _aগ্রন্থপঞ্জী পাতা : ২৯০ -৩১০ | ||
| 600 |
_a _9244725 |
||
| 650 |
_aগণমাধ্যমে মুসলমান _zভারত _zবঙ্গ _y১৯০১ -১৯৪৭ _9243619 |
||
| 650 |
_aMuslims in mass media _zIndia _zBengal _y1901-1947 _9243620 |
||
| 651 |
_aভারত _zবঙ্গ _xরাজনীতি এবং সরকার _y১৯০১ -১৯৪৭ _9243623 |
||
| 651 |
_zBengal _xPolitics and government _y1901-1947 _9243624 |
||
| 651 |
_aভারত _zবঙ্গ _xসামাজিক পরিস্থিতি _y১৯০১ -১৯৪৭ _9243625 |
||
| 651 |
_aIndia _zBengal _xSocial conditions _y1901-1947 _9243626 |
||
| 700 |
_aকাইয়ুম, মুহম্মদ নুরুল, গবেষণা তত্ত্বাবধায়ক _9243586 |
||
| 700 |
_aআলী, মুহম্মদ ওয়াজেদ, সহ গবেষণা তত্ত্বাবধায়ক _9243587 |
||
| 942 |
_2ddc _cTHE |
||
| 999 |
_c77793 _d77793 |
||